| 000 | 00857nam a2200193Ia 4500 | ||
|---|---|---|---|
| 001 | 21771 | ||
| 003 | GE_BSU | ||
| 008 | 181216s||||||||xx |||||||||||||| ||und|| | ||
| 040 | _cGE_BSU | ||
| 245 | _aაუდიტი, აღრიცხვა, ფინანსები. №11(215) 2017. | ||
| 245 | _bყოველთვიური ჟურნალი მეწარმეებისა და ფინანსისტებისათვის | ||
| 245 | _cგენ.დირ.ფრიდონ ალშიბაია,მთ.რედ.გიორგი ცერცვაძე. | ||
| 260 | _aთბილისი | ||
| 260 | _c2017 | ||
| 300 | _a52 გვ. 30 სმ. | ||
| 653 | _aაუდიტი, აღრიცხვა, ფინანსები. №11(215) 2017. | ||
| 653 | _aპერიოდიკა | ||
| 942 | _cCR | ||
| 999 |
_c54704 _d54704 |
||